|
|
|
|
| LEADER |
00000nab a2200000uu 4500 |
| 001 |
vtls011448354 |
| 003 |
SK-MaSNL |
| 005 |
20260303151342.0 |
| 008 |
230222|1976 xo |||||||||||||||||cze| |
| 015 |
|
|
|a SNBRB
|
| 035 |
|
|
|a (urnnbn)urn:nbn:sk:snk:ar-0074i7
|
| 035 |
|
|
|a (uuid)023157a0-cb46-4c83-b445-1620e1a0f5b8
|
| 035 |
|
|
|a urn:nbn:sk:snk-abcl0p
|
| 040 |
|
|
|a SNKBUCL
|b slo
|c SNKBUCL
|e AACR2
|
| 041 |
0 |
|
|a cze
|
| 044 |
|
|
|a xo
|c SK
|
| 100 |
1 |
|
|a (pc)
|4 aut
|9 900104
|
| 245 |
1 |
0 |
|a Sovětské NC obráběcí stroje
|c (Pc{Rpara}
|
| 773 |
0 |
|
|t Technická práca : časopis Ústřední rady Čs. vědecko-technické společnosti
|g Roč. 28, č. 6 (1976), s. 56
|
| 958 |
|
|
|a OND
|
| 958 |
|
|
|a EUIPO
|
| 958 |
|
|
|a article16
|
| 999 |
|
|
|c 2017248
|d 2019178
|